000 00476nam a22001817a 4500
003 MPLRDC
005 20220104143515.0
008 210129b ||||| |||| 00| 0 eng d
020 _a978-7-5044-6920-5
082 _a563.652 HEJ
100 _a纪录片《华尔街》主创团队 编著
245 _a华尔街
_c
250 _a一版一刷
260 _a中国
_b中国商业出版社
_c2010
300 _b
650 _a美国证劵市场
942 _cBK
_o563.652 HEJ
999 _c40585
_d40575